| 000 | 00454nam a2200181Ia 4500 | ||
|---|---|---|---|
| 005 | 20250423094329.0 | ||
| 008 | 250422s9999 xx 000 0 und d | ||
| 020 | _a9780448853 | ||
| 050 | _aBF 724 .A36/ | ||
| 100 | _aEdited by H. C. Okafor and C. N. Ugwuegbulam | ||
| 245 | 0 | _aAdolescent psychology | |
| 260 | _aOwerri | ||
| 260 | _bJoe Mankpa Publisher | ||
| 260 | _c2019 | ||
| 300 | _a209 p | ||
| 650 | _a Adolescent psychology. | ||
| 942 | _cBK | ||
| 999 |
_c26930 _d26930 |
||